Toward industrial democracy : Management and workers in modern Japan

Kunio Odaka is Japan’s leading labor sociologist. In this study he discusses the complex attitudes of Japanese workers toward management, unions, work, and leisure. The results of his scholarly surveys indicate a trend toward the democratization of Japanese industrial management. In part, the book i...

Ausführliche Beschreibung

Gespeichert in:
Bibliographische Detailangaben
1. Verfasser: Odaka, Kunio
Format: Buch
Sprache:Undetermined
Veröffentlicht: Cambridge, Mass. Harvard University Press 1975
Schlagworte:
Tags: Tag hinzufügen
Keine Tags, Fügen Sie den ersten Tag hinzu!
Thư viện lưu trữ: Trung tâm Học liệu Trường Đại học Cần Thơ
LEADER 01113nam a2200217Ia 4500
001 CTU_228945
008 210402s9999 xx 000 0 und d
082 |a 331.0952 
082 |b O.22 
100 |a Odaka, Kunio 
245 0 |a Toward industrial democracy : 
245 0 |b Management and workers in modern Japan 
245 0 |c Kunio Odaka 
260 |a Cambridge, Mass. 
260 |b Harvard University Press 
260 |c 1975 
520 |a Kunio Odaka is Japan’s leading labor sociologist. In this study he discusses the complex attitudes of Japanese workers toward management, unions, work, and leisure. The results of his scholarly surveys indicate a trend toward the democratization of Japanese industrial management. In part, the book is a presentation of Odaka’s belief in the necessity for greater worker participation in the decisions that affect their working lives, a belief that is indeed radical in the Japanese setting. 
650 |a Giai cấp công nhân,Working class 
650 |z Nhật Bản,Japan 
910 |b dqhieu 
980 |a Trung tâm Học liệu Trường Đại học Cần Thơ